Bilecik Bilecik Bilecik Bilecik Bilecik

Beykoz'un tarihi suları: su kültürü ve su yapıları/ (Record no. 70982)

MARC details
000 -BAŞLIK
Sabit Uzunluktaki Kontrol Alanı 01574nam a22004217a 4500
001 - KONTROL NUMARASI
Control Dosyası 0070234
003 - KONTROL NUMARASI KİMLİĞİ
Kontrol Alanı KOHA_MİRAKIL
005 - EN SON İŞLEM TARİHİ ve ZAMANI
Kontrol Alanı 20260207004917.0
007 - FİZİKSEL TANIM SABİT ALAN - GENEL BİLGİ
Sabit uzunluklu kontrol alanı ta
008 - SABİT UZUNLUKTAKİ VERİ ÖGELERİ - GENEL BİLGİ
Sabit Alan 240104b2022 tu |||gr||||#0|||0|tur |
020 ## - ISBN - ULUSLARARASI STANDART KİTAP NUMARASI
Isbn 9786057480286
040 ## - KATALOGLAMA KAYNAĞI
Özgün Kataloglama Kurumu TR-BiSEU
Kataloglama Dili tur
Çeviri Kurumu TR-BiSEU
Açıklama Kuralları rda
041 0# - DİL KODU
Metin ya da ses kaydının dil kodu tur
044 ## - YAYINLAYAN/ÜRETEN KURULUŞUN ÜLKE KODU
ISO country code tu
050 ## - SINIFLAMA ve YER NUMARASI
Sınıflama Numarası TD311
Yer Numarası .B49 2022
100 1# - KİŞİ ADI
Yazar Adı (Kişi adı) Hut, Davut.
245 1# - ESER ADI BİLDİRİMİ
Başlık Beykoz'un tarihi suları: su kültürü ve su yapıları/
Sorumluluk Bildirimi Davut Hut ; Davut Hut; editör Hilal Yurdakul.
264 #1 - ÜRERİM, YAYIN, DAĞITIM ve TELİF BİLDİRİMİ
Yayın yeri İstanbul :
Yayınlayan Beykoz Belediyesi Kültür Yayınları
Yayın tarihi 2022
300 ## - FİZİKSEL TANIMLAMA
Sayfa, Cilt vb. 259 sayfa: resimli; 24 cm.
336 ## - İÇERİK TÜRÜ
Content type term metin
Content type code txt
Source rdacontent
337 ## - MEDYA TÜRÜ
Media type term aracısız
Media type code n
Source rdamedia
338 ## - TAŞIYICI TÜRÜ
Carrier type term cilt
Carrier type code nc
Source rdacarrier
490 1# - DİZİ BİLDİRİMİ
Dizi Bildirimi Beykoz Belediyesi Kültür Yayınları ;
Cilt Numarası 51.
490 1# - DİZİ BİLDİRİMİ
Dizi Bildirimi Beykoz Kitaplığı ;
Cilt Numarası 19.
490 1# - DİZİ BİLDİRİMİ
Dizi Bildirimi Akademi ;
Cilt Numarası 6
500 ## - GENEL NOT
Genel Not Kaynakça ve dizin var.
650 #0 - KONU BAŞLIĞI EK GİRİŞ - KONU TERİMİ
Konusal terim veya coğrafi ad Su--Türkiye.
9 (RLIN) 136869
650 #0 - KONU BAŞLIĞI EK GİRİŞ - KONU TERİMİ
Konusal terim veya coğrafi ad Su işleri--Türkiye, Istanbul (Beykoz) su temini--siyasi yönler--Türkiye.
9 (RLIN) 136870
650 #0 - KONU BAŞLIĞI EK GİRİŞ - KONU TERİMİ
Konusal terim veya coğrafi ad Su--Turkey su temini mühendisliği--Türkiye.
9 (RLIN) 136871
650 #0 - KONU BAŞLIĞI EK GİRİŞ - KONU TERİMİ
Konusal terim veya coğrafi ad Su--Turkey--distribution--history su kaynaklarının geliştirilmesi--Türkiye.
9 (RLIN) 136872
650 #0 - KONU BAŞLIĞI EK GİRİŞ - KONU TERİMİ
Konusal terim veya coğrafi ad Water--supply engineering--Turkey.
9 (RLIN) 136873
650 #0 - KONU BAŞLIĞI EK GİRİŞ - KONU TERİMİ
Konusal terim veya coğrafi ad Water-supply--political aspects--Turkey.
9 (RLIN) 136874
830 1# - SERİ EK GİRİŞİ - TEKBİÇİM ESER ADI
Tekbiçim Başlık Beykoz Belediyesi Kültür Yayınları ;
Volume number/sequential designation 51.
9 (RLIN) 28642
830 1# - SERİ EK GİRİŞİ - TEKBİÇİM ESER ADI
Tekbiçim Başlık Beykoz Kitaplığı ;
Volume number/sequential designation 19.
9 (RLIN) 126137
830 1# - SERİ EK GİRİŞİ - TEKBİÇİM ESER ADI
Tekbiçim Başlık Akademi ;
Volume number/sequential designation 6
9 (RLIN) 126140
907 ## - LOCAL DATA ELEMENT G, LDG (RLIN)
a Su Bilimleri Mühendisliği
942 ## - EK GİRİŞ ÖGELERİ (KOHA)
Source of classification or shelving scheme Library of Congress Classification
Koha item type Book
Holdings
Materyal Türü Kalıcı Konum Mevcut Konum Raf Yeri Sınıflandırma Kaynağı Edinim Bilgisi Ana Konular Alt Konular Yer Numarası Demirbaş Numarası Fatura Tarihi Geri Çekilme Durumu Kayıp Durumu Hasarlı Durumu Kredi için değil Kayıt Tarih Toplam Ödünçverme Son Görülme Tarihi Son Kontrol Tarihi Genel / Bağış Notu
Book Prof. Dr. Azmi Özcan Kütüphanesi Prof. Dr. Azmi Özcan Kütüphanesi Birûni Salonu Library of Congress Classification Bağış TEKNOLOJİ Çevre Teknolojisi, Sıhhi Mühendislik TD311 .B49 2022 0070234 02/02/2026         04/01/2024   12/03/2026 17/03/2025 Genel Bağış